LEADER 01144nlm0 22003611i 450 001 990009815300403321 005 20140127160614.0 010 $a9780470140529$bonline 035 $a000981530 035 $aFED01000981530 035 $a(Aleph)000981530FED01 035 $a000981530 100 $a20140127d2007----km-y0itay0103----ba 101 0 $aeng 135 $adrnn-008mamaa 200 1 $aLearning from data$bRisorsa elettronica$econcepts, theory, and methods$fVladimir Cherkassky, Filip Mulier 205 $a2nd ed. 210 $aHoboken, N. J.$cWiley-IEEE Press$d2007 230 $aDocumento elettronico 306 $aPublished Online: 20 NOV 2006 336 $aTesto 337 $aFormato pdf 676 $a006.31 700 1$aCherkassky,$bVladimir S.$0104932 701 1$aMulier,$bFilip$0145715 801 0$aIT$bUNINA$gREICAT$2UNIMARC 856 4 $zFull text per gli utenti Federico II$uhttp://onlinelibrary.wiley.com/book/10.1002/9780470140529 901 $aEB 912 $a990009815300403321 961 $aAdaptive signal processing 961 $aMachine learning 996 $aLearning from data$9835380 997 $aUNINA LEADER 00956nam0-2200349---450 001 990005605670203316 005 20190403124925.0 035 $a000560567 035 $aUSA01000560567 035 $a(ALEPH)000560567USA01 035 $a000560567 100 $a19981214d1966----|||y0itaa50------ba 101 $aita 102 $ait 105 $a0 00||| 200 1 $aPiemonte$fFilippo Burzio$gintroduzione di Marziano Bernardi 210 $aTorino$cTeca$d[1966] 215 $a360 p., 24 c. di tav.$cill.$d25 cm. 620 $dTORINO 676 $a854.912 700 1$aBURZIO,$bFilippo$060493 801 0$aIT$bSA$c20111219 912 $a990005605670203316 950 0$aDipar.to di Filosofia - Salerno$dDFAA 854.912 BUR$e2456 FIL 951 $aAA 854.912 BUR$b2456 FIL 959 $aBK 969 $aFIL 979 $c20121027$lUSA01$h1525 979 $c20121027$lUSA01$h1614 996 $aPiemonte$9682896 997 $aUNISA NUM $aSA0003718